| 000 | 02062nam0a2200337 i 4500 | ||
|---|---|---|---|
| 001 | RU\NLR\BIBL_A\011272695 | ||
| 005 | 20240921175439.0 | ||
| 010 |
_a9785778230149 _9100 |
||
| 021 |
_aRU _b2016-84032 _95490 |
||
| 035 | _a(NLR Aleph) 011272695 | ||
| 090 |
_a10826540 _c10826540 |
||
| 100 | _a20161115d2016 k y0rusy50 ca | ||
| 101 | 0 |
_arus _deng |
|
| 102 | _aRU | ||
| 105 | _ay|||z|||000zy | ||
| 200 | 1 |
_aНаучные проекты образовательных школ ПРДСО - 2016 _eсборник научных трудов _e[материалы выездной школы "Студенческая наука 2.0" и Всероссийской школы СНО 2.0 _fпод ред. Е.Г. Гуровой, С.В. Макарова] |
|
| 210 |
_aНовосибирск _cИзд-во НГТУ _d2016 |
||
| 215 |
_a105 с. _d20 |
||
| 300 | _aВ надзаг.: М-во образования и науки Рос. Федерации, Новосиб. гос. техн. ун-т, Центр науч.-техн. работы студентов, Межвуз. центр содействия науч. и инновац. деятельности студентов и молодых ученых Новосиб. обл. | ||
| 300 | _aРез. на англ. яз. | ||
| 320 | _aБиблиогр. в конце ст. | ||
| 606 | 1 |
_aВысшие учебные заведения _jСборники _xНаучные конференции _yНовосибирск, город _92287197 _3RU\NLR\AUTH\6601597773 |
|
| 686 | 1 | _aЯ431(2Р-4Но-2Н)3 | |
| 702 | 1 |
_aГурова _bЕ. Г. _gЕлена Геннадьевна _4340 |
|
| 711 | 1 | 2 |
_a"Студенческая наука 2.0", выездная школа _eНовосибирск _f2016 _9538575 _3RU\NLR\AUTH\880437180 |
| 942 | _cBOOK | ||
| 980 | _aNBR | ||